Statistical methods
Αποθηκεύτηκε σε:
| Κύριος συγγραφέας: | |
|---|---|
| Άλλοι συγγραφείς: | |
| Μορφή: | Βιβλίο |
| Γλώσσα: | English |
| Δημοσίευση: |
Ames :
Iowa State University Press,
c1989
|
| Έκδοση: | 8th ed. |
| Θέματα: | |
| Ετικέτες: |
Προσθήκη ετικέτας
Δεν υπάρχουν, Καταχωρήστε ετικέτα πρώτοι!
|
MARC
| LEADER | 00000nam a2200000 i 4500 | ||
|---|---|---|---|
| 001 | 1/80683 | ||
| 008 | 960611s1989 eng d | ||
| 020 | |a 0-8138-1561-6 | ||
| 035 | |a 1992 |b 2 |c Αγορά/Βιβλιοθήκη |l 10033507 | ||
| 040 | |a GR-MY-UA |b gre |e aacr | ||
| 041 | 0 | |a eng | |
| 082 | 0 | |a 519.5 | |
| 100 | 1 | |a Snedecor, George Waddel |d 1881- | |
| 245 | 1 | 0 | |a Statistical methods / |c George W.Snedecor, William G.Cochran |
| 250 | |a 8th ed. | ||
| 260 | |a Ames : |b Iowa State University Press, |c c1989 | ||
| 300 | |a 503 p. | ||
| 650 | 0 | 0 | |a Statistics. |
| 700 | 1 | |a Cochrane, William G. | |
| 852 | |a INST |b RHODES |e 19960611 |h 519.5 SNE |p 005400001697 |q 005400001697 |t BK |y 0 | ||
| 909 | |a Ρ |b 023362 |c 1992 | ||